Statistics for Languages of Spain

Click here to take the quiz!

General Stats

  • This quiz has been taken 18,429 times
  • The average score is 4 of 7

Answer Stats

Answer% Correct
Spanish
99%
Catalan
84%
Basque
75%
Galician
50%
Asturian
28%
Aragonese
25%
Occitan (Aranese)
15%

Score Distribution

Percentile by Number Answered

Percent of People with Each Score

Your Score History

You have not taken this quiz